[Event "AUTO-INT-3419"]
[Site "http://www.queenalice.com/game.php?id=1564749"]
[Date "2019.3.19"]
[Round "1"]
[White "shashidhar"]
[Black "italomachado"]
[Result "1-0"]
[WhiteElo "1284"]
[BlackElo "1504"]

1. d4 e6 2. e4 Qf6 3. e5 Qf5 4. Bd3 Bb4+ 5. c3 Qxd3 6. Qxd3 Be7 7. Nf3 Nc6 8. b4
a5 9. b5 Na7 10. O-O d6 11. c4 c6 12. b6 d5 13. bxa7 Rxa7 14. cxd5 cxd5 15. Na3
b6 16. Qb5+ Bd7 17. Qxb6 Ra8 18. Nb5 Bd8 19. Qb7 Rc8 20. Nd6+ Ke7 21. Nxc8+ Kf8
22. Qxd7 g5 23. Qxd8+ Kg7 24. Qxg5+ Kf8 25. Ba3+ Ke8 26. Qg7 Kd7 27. Rfc1 h5 28.
Rab1 Rh6 29. Rb7+ Ke8 30. Qxg8# 1-0

[Event "AUTO-INT-3419"]
[Site "http://www.queenalice.com/game.php?id=1564750"]
[Date "2019.3.19"]
[Round "1"]
[White "italomachado"]
[Black "shashidhar"]
[Result "0-1"]
[WhiteElo "1429"]
[BlackElo "1332"]

1. e4 e5 2. Qf3 Nf6 3. g4 d6 4. h3 Nc6 5. g5 Nd7 6. Bc4 f6 7. gxf6 Nxf6 8. Qb3
Nxe4 9. Bf7+ Ke7 10. d3 Nc5 11. Qc4 Na5 12. Qd5 c6 13. Qf3 Ne6 14. d4 Nc4 15. h4
h6 16. Bg6 Kd7 17. Bf5 Qf6 18. Qd3 Nb6 19. Nf3 Kc7 20. Rg1 Nf4 21. Bxf4 Bxf5 22.
Qc3 exf4 23. Nbd2 Re8+ 24. Kd1 g5 25. hxg5 hxg5 26. d5 Qe7 27. Qxh8 Bg7 28. Qh1
Rh8 29. Qg2 Bh3 30. Qxg5 Qxg5 31. Rxg5 Bxb2 32. Rb1 Na4 33. c4 Nc3+ 34. Kc2 Nxb1
35. Kxb2 Nxd2 36. Rg7+ Kb6 37. Nxd2 cxd5 38. cxd5 Rf8 39. Nc4+ Kc5 40. Rc7+ Kd4
41. a4 Kxd5 42. Na5 f3 43. Nxb7 Rb8 44. Ka3 Re8 45. Rd7 Bxd7 46. a5 Re2 47. a6
Rxf2 48. Kb4 Rc2 49. Ka5 f2 50. Nd8 f1=Q 51. Nb7 Qb1 52. Nd8 Ra2# 0-1

[Event "AUTO-INT-3419"]
[Site "http://www.queenalice.com/game.php?id=1564751"]
[Date "2019.3.19"]
[Round "1"]
[White "shashidhar"]
[Black "vangogh"]
[Result "1-0"]
[WhiteElo "1309"]
[BlackElo "1491"]

1. d4 d5 2. Nc3 e6 3. Nf3 Bb4 4. Bd2 Bxc3 5. Bxc3 c6 6. e3 Nf6 7. Bd3 O-O 8. Ne5
Ne8 9. Qh5 h6 10. h4 g6 11. Qxh6 Qf6 12. h5 Qg7 13. hxg6 Qxh6 14. Rxh6 Kg7 15.
Rh7+ Kf6 16. f4 fxg6 17. Bxg6 Ng7 18. O-O-O Nd7 19. Nxd7+ Bxd7 20. Bd3 Rh8 21.
Rdh1 Rxh7 22. Rxh7 Rg8 23. Be1 Ke7 24. Bh4+ Kd6 25. g4 Kc7 26. Bf6 Ne8 27. Be5+
Kd8 28. g5 a5 29. g6 b5 30. g7 Nxg7 31. Bxg7 Ke8 32. Bg6+ Ke7 33. Be5+ Kd8 34.
Rh8 Rxh8 35. Bxh8 Ke7 36. Kd2 Kf8 37. a3 a4 38. Kc3 Ke7 39. b3 Kd6 40. Be5+ Ke7
41. bxa4 bxa4 42. Kb4 1-0

[Event "AUTO-INT-3419"]
[Site "http://www.queenalice.com/game.php?id=1564752"]
[Date "2019.3.19"]
[Round "1"]
[White "vangogh"]
[Black "shashidhar"]
[Result "0-1"]
[WhiteElo "1510"]
[BlackElo "1258"]

1. e4 e5 2. d4 exd4 3. Qxd4 Nc6 4. Qd1 Nf6 5. f3 d5 6. exd5 Nxd5 7. c4 Ndb4 8.
a3 Qe7+ 9. Be2 Na6 10. Nh3 Be6 11. O-O Bxh3 12. gxh3 Qh4 13. Kg2 Bd6 14. Qe1 Qf6
15. Nc3 O-O-O 16. Nd5 Qg6+ 17. Kf2 Bxh2 18. b4 Nd4 19. Ne7+ Kb8 20. Nxg6 Rhe8
21. Ra2 fxg6 22. Be3 Nf5 23. Rd2 Bg3+ 24. Kg1 Bxe1 0-1

[Event "AUTO-INT-3419"]
[Site "http://www.queenalice.com/game.php?id=1564753"]
[Date "2019.3.19"]
[Round "1"]
[White "shashidhar"]
[Black "ootomm"]
[Result "1-0"]
[WhiteElo "1352"]
[BlackElo "1606"]

1. d4 g6 2. c4 Bg7 3. e4 d6 4. Bd3 Bxd4 5. Nf3 Bg4 6. Qa4+ c6 7. Nxd4 Nf6 8. h3
Be6 9. Nxe6 fxe6 10. O-O O-O 11. Bh6 Rf7 12. Qc2 e5 13. f4 Qb6+ 14. Kh1 Nbd7 15.
f5 gxf5 16. Rxf5 e6 17. Rf3 d5 18. exd5 cxd5 19. Bxh7+ Rxh7 20. Qg6+ Kh8 21.
Rxf6 Rg8 22. Rf8 Nxf8 23. Qf6+ Rgg7 24. Qxf8+ Rg8 25. Qf6+ Rhg7 26. Bxg7+ Rxg7
27. Qh6+ Rh7 28. Qf8# 1-0

[Event "AUTO-INT-3419"]
[Site "http://www.queenalice.com/game.php?id=1564754"]
[Date "2019.3.19"]
[Round "1"]
[White "ootomm"]
[Black "shashidhar"]
[Result "0-1"]
[WhiteElo "1548"]
[BlackElo "1378"]

1. e4 e5 2. Nc3 c6 3. Nf3 Qc7 4. a3 Nf6 5. Bc4 b5 6. Bb3 h6 7. d3 Bc5 8. d4 exd4
9. Nxd4 Qe5 10. Be3 Nxe4 11. Qf3 Ng5 12. Qf4 Qxf4 13. Bxf4 Bxd4 14. Bd2 d5 15.
O-O-O Bxf2 16. Rhf1 Bg4 17. Rxf2 Bxd1 18. Nxd1 Ne4 19. Re2 O-O 20. Be3 Nd7 21.
c3 a5 22. Bc2 Ndf6 23. Bxe4 Nxe4 24. Nf2 Nxf2 25. Rxf2 Rfe8 26. Bd4 Re4 27. Kc2
Rae8 28. Bc5 Re2+ 29. Kb3 Rxf2 0-1

[Event "Challenge"]
[Site "http://www.queenalice.com/game.php?id=1570408"]
[Date "2019.5.9"]
[Round "-"]
[White "shashidhar"]
[Black "florencia1260"]
[Result "1-0"]
[WhiteElo "1401"]
[BlackElo "1344"]

1. d4 d5 2. c4 c6 3. Nc3 Nf6 4. h3 dxc4 5. e3 b5 6. a4 Nd5 7. axb5 Nxc3 8. bxc3
cxb5 9. Qf3 Nc6 10. Qxc6+ Bd7 11. Qb7 Qb8 12. Qxb8+ Rxb8 13. Rxa7 e6 14. Nf3 Bd6
15. Be2 Rd8 16. O-O O-O 17. Ng5 h6 18. Ne4 Be7 19. Bb2 f5 20. Nd2 g5 21. Nf3 Rf7
22. Ne5 Bf6 23. Nxf7 Kxf7 24. Bh5+ Ke7 25. Ba3+ 1-0

[Event "AUTO-INT-3419"]
[Site "http://www.queenalice.com/game.php?id=1583664"]
[Date "2019.9.16"]
[Round "2"]
[White "shashidhar"]
[Black "nuage"]
[Result "1-0"]
[WhiteElo "1448"]
[BlackElo "1716"]

1. d4 Nf6 2. c4 c6 3. Nc3 e6 4. e4 Bb4 5. e5 Ng8 6. Ne2 Qh4 7. Bd2 Na6 8. a3
Bxc3 9. Bxc3 Ne7 10. g3 Qe4 11. Rg1 Nf5 12. Bg2 Qg4 13. h3 Qg5 14. Bd2 Qh5 15.
g4 Qh4 16. gxf5 exf5 17. Nf4 c5 18. Be3 O-O 19. Qd3 b6 20. Bxa8 Nc7 21. Bf3 Ne6
22. Qxf5 cxd4 23. Rg4 Qh6 24. Nxe6 Qxe6 25. Qxe6 fxe6 26. Bh6 Rxf3 27. Rxg7+ Kh8
28. Ke2 Rxh3 29. Rag1 d3+ 30. Kd2 Ba6 31. Rg8# 1-0

[Event "AUTO-INT-3419"]
[Site "http://www.queenalice.com/game.php?id=1583665"]
[Date "2019.9.16"]
[Round "2"]
[White "nuage"]
[Black "shashidhar"]
[Result "0-1"]
[WhiteElo "1634"]
[BlackElo "1493"]

1. Nf3 Nc6 2. g3 e5 3. d3 d5 4. Bg2 Bc5 5. O-O Be6 6. Nbd2 Qd7 7. Ng5 O-O-O 8.
b3 f6 9. Nxe6 Qxe6 10. c4 d4 11. Ne4 Bb6 12. c5 Ba5 13. a3 Bc3 14. Nxc3 dxc3 15.
b4 h5 16. b5 Nd4 17. a4 c2 18. Qe1 Nb3 19. Ra3 Nxc5 20. Be3 Qd6 21. Qc3 b6 22.
a5 Ne6 23. axb6 axb6 24. Ra8+ Kd7 25. Qc6+ Ke7 26. Qxc2 f5 27. Rc1 f4 28. gxf4
exf4 29. Rxd8 Kxd8 30. Bd2 Nd4 31. Qd1 Nxb5 32. Qa4 Nd4 33. Qa8+ Ke7 34. Qe4+
Kf7 35. Qd5+ Qe6 36. Qxd4 c5 37. Qd5 Nf6 38. Qb7+ Kg6 39. Be4+ Nxe4 40. dxe4
Qg4+ 41. Kf1 Qh3+ 42. Ke1 Qxh2 43. Qxb6+ Kg5 44. Rxc5+ Kh4 45. Bc3 f3 46. e3 Rb8
47. Bf6+ Kh3 48. Qe6+ Kg2 49. Rg5+ Kh1 50. Be5 Rb1+ 51. Kd2 Qxf2+ 52. Kd3 Rd1+
53. Kc4 Qa2+ 54. Kc5 Qxe6 55. Rxh5+ Kg2 56. Rh2+ Kf1 57. Rh1+ Ke2 58. Rh2+ f2
59. Bg3 Qe7+ 60. Kc4 Rc1+ 61. Kd4 Qc5# 0-1

[Event "AUTO-INT-3419"]
[Site "http://www.queenalice.com/game.php?id=1583666"]
[Date "2019.9.16"]
[Round "2"]
[White "shashidhar"]
[Black "McKubik"]
[Result "1-0"]
[WhiteElo "1475"]
[BlackElo "1514"]

1. e4 e5 2. Nf3 Nc6 3. Nc3 Nf6 4. Bc4 Bc5 5. O-O O-O 6. d3 d6 7. Bg5 h6 8. Bxf6
Qxf6 9. Nd5 Qg5 10. Nxg5 hxg5 11. Qh5 f6 12. Nxf6# 1-0

[Event "AUTO-INT-3419"]
[Site "http://www.queenalice.com/game.php?id=1583667"]
[Date "2019.9.16"]
[Round "2"]
[White "McKubik"]
[Black "shashidhar"]
[Result "0-1"]
[WhiteElo "1496"]
[BlackElo "1515"]

1. e4 d5 2. exd5 Qxd5 3. Qe2 Nc6 4. Nc3 Qa5 5. Nf3 Bg4 6. d3 Nd4 7. Qe4 Nxc2+ 8.
Kd1 Bxf3+ 9. Qxf3 Nd4 10. Qxb7 Rd8 11. Be3 e5 12. Bg5 f6 13. Bh4 Ne7 14. a3 Nec6
15. b4 Bxb4 16. Ra2 Rb8 17. axb4 Qb6 18. Qxb6 cxb6 19. b5 Na5 0-1